Statistics for Speed typing #3

Click here to take the quiz!

General Stats

  • This quiz has been taken 30 times
  • The average score is 67 of 101

Answer Stats

Answer% Correct
101
95%
100
90%
102
90%
103
90%
104
90%
105
90%
134
90%
106
86%
107
86%
110
86%
116
86%
121
86%
122
86%
123
86%
124
86%
125
86%
126
86%
127
86%
128
86%
129
86%
130
86%
131
86%
132
86%
133
86%
135
86%
108
81%
109
81%
112
81%
113
81%
114
81%
115
81%
117
81%
118
81%
119
81%
120
81%
136
81%
140
81%
150
81%
160
81%
137
76%
138
76%
139
76%
151
76%
152
76%
153
76%
155
76%
156
76%
111
71%
141
71%
144
71%
145
71%
147
71%
148
71%
149
71%
154
71%
158
71%
159
71%
161
71%
162
71%
163
71%
166
71%
142
67%
143
67%
146
67%
157
67%
164
67%
165
67%
170
67%
167
62%
172
62%
168
57%
169
57%
171
57%
173
52%
174
43%
175
43%
180
43%
177
38%
178
38%
187
38%
190
38%
191
38%
192
38%
200
38%
176
33%
179
33%
181
33%
182
33%
185
33%
188
33%
189
33%
193
33%
194
33%
195
33%
196
33%
197
33%
198
33%
183
29%
184
29%
186
29%
199
29%

Score Distribution

Percentile by Number Answered

Percent of People with Each Score

Your Score History

You have not taken this quiz